000 00843nmm a2200265 a 4500
001 ocm0001256922
003 TR-IsHL
005 20201028160657.0
008 160715s2013 tu tur
007 cr cn
020 _a9786054447909
035 _a1256922
_b(N$T)
050 0 4 _aBP166.2
_b.E45 2013
090 0 4 _aBP166.2
_b.E45 2013
100 1 _aElmalı, Ali
245 1 0 _aAllah'ın bilinmeyen isimleri: El- Gayb
_h[electronic resource] /
_cAli Elmalı
260 _aİstanbul :
_bAnatolia Kitap,
_c2013
300 _a457 p.
650 4 _aDil ve Edebiyat
650 4 _aLanguage and Literature
650 0 _aAllah ( İslam )
_xİsimleri
650 0 _aGod (Islam)
_xName
650 7 _aRELIGION / Islam / General
_2bisacsh
856 4 0 _uhttp://search.ebscohost.com/login.aspx?direct=true&scope=site&db=e011xww&AN=1256922
999 _c13727
_d13727